Gilmore girls A-Z - Statistics

General Stats
  • This quiz has been taken 2,050 times
  • The average score is 19 of 25
Answer Stats
Answer % Correct
D Rory's first boyfriend Dean
99%
C Private school Rory goes to Chilton
98%
E Lorelai's mother Emily
98%
L Diner owner Luke
96%
J Luke's nephew Jess
95%
H Rory's original choice of collage Harvard
94%
P Rory's collage roommate Paris
93%
K Man who has multiple jobs over the years Kirk
92%
R Lorelai's father Richard
92%
M Works the desk with Lorelai Michel
91%
Y Collage Rory goes to Yale
90%
B Main characters loud neighbor Babette
87%
Q Rory is crowned the ice cream... Queen
86%
S The small town they live in Stars hollow
86%
T Town selectman Taylor
82%
G Rory's stepsister Gigi
79%
Z Lanes boyfriend Zack
77%
A L's daughter April
73%
I Inn where Lorelai works Independence Inn
70%
N Rule in L's diner No cellphones
61%
V Rory is when graduates C Valedictorian
57%
F C's newspaper Franklin
42%
U Rory talks about on her first date at Yale Urine mints
16%
O Official Gilmore Girls soundtrack CD Our Little Corner of the World
4%
W Theme song Where you live
3%
No matching quizzes found
Score Distribution
Percent of People with Each Score
Percentile by Number Answered
Your Score History
You have not taken this quiz